عرض عادي
عرض مارك
- Al-Kawamleh, Nahid
دخول Personal Name
001 - CONTROL NUMBER
- control field: 26584
003 - CONTROL NUMBER IDENTIFIER
- control field: AE-AdECS
005 - DATE AND TIME OF LATEST TRANSACTION
- control field: 20260210093428.0
008 - FIXED-LENGTH DATA ELEMENTS
- fixed length control field: 260210|| aca||aabn | a|a d
040 ## - CATALOGING SOURCE
- Original cataloging agency: AE-AdECS
- Transcribing agency: AE-AdECS
100 ## - HEADING--PERSONAL NAME
- Personal name: Al-Kawamleh, Nahid
670 ## - SOURCE DATA FOUND
- Source citation: Work cat.: (AE-AdECS)294200: Sammour, Sawsan G. Author. 26577, Nursing care of children /
